Estadísticas para Nombres españoles

Haz click aquí para tomar la prueba!

Estadísticas generales

  • Esta prueba ha sido tomada 5,757 veces
  • La puntuación promedio es 29 de 60

Estadísticas de respuestas

# Nombre % Correcto
6,398,966María
96%
338,268María
96%
212,395José
93%
2,897,410José
93%
1,383,489Juan
91%
824,301Ana
75%
643,344Carlos
75%
423,699Pedro
72%
857,437Luis
70%
268,821Pablo
70%
1,527,877Antonio
67%
1,356,733Manuel
65%
1,225,169Francisco
65%
720,948Miguel
61%
741,054Javier
61%
1,269,989Carmen
57%
361,065Daniel
55%
308,493Alejandro
55%
583,448Jesús
53%
454,773David
53%
167,447Jesús
53%
306,430Fernando
52%
258,932Jorge
52%
292,298Laura
52%
219,182Lucia
52%
248,728Marta
51%
692,137Isabel
50%
297,581Alberto
49%
655,975Ángel
47%
173,570Paula
46%
203,759Andrés
46%
420,612Rosa
43%
335,410Cristina
42%
194,830Juana
42%
278,434Elena
40%
183,639Víctor
40%
332,238Antonia
40%
220,693Sergio
40%
259,228Luisa
40%
184,855Diego
38%
174,995Sara
38%
490,145Pilar
36%
535,145Dolores
35%
219,563Enrique
34%
447,440Josefa
33%
290,689Francisca
32%
443,098Teresa
32%
166,456Adrián
32%
183,078Ignacio
32%
181,447Manuela
31%
277,432Ramón
31%
161,937Patricia
30%
311,217Rafael
29%
259,911Mercedes
27%
171,723Raquel
24%
163,961Beatriz
24%
253,591Concepción
22%
220,731Vicente
22%
330,900Ángeles
20%
244,626Rosario
19%

Distribución de puntuación

Porcentaje por número respondido

Porcentaje de gente con cada puntuación

Historial de tus puntuaciones

No has tomado esta prueba